تحميل...

Novel sahithya padanangal

التفاصيل البيبلوغرافية
المؤلفون الرئيسيون: Benchamin D, ബെഞ്ചമിൻ. ഡി
التنسيق: Printed Book
منشور في: Thiruvananthapuram Maluben Publications 2010
LEADER 00537nam a22001457a 4500
082 |a 894.812309  |b BEN/N 
100 |a Benchamin D 
100 |a ബെഞ്ചമിൻ. ഡി  
240 |a നോവൽ സാഹിത്യ പഠനങ്ങൾ  
245 |a Novel sahithya padanangal 
260 |a Thiruvananthapuram  |b Maluben Publications  |c 2010 
300 |a 138p. 
942 |c BK 
999 |c 307232  |d 307232 
952 |0 0  |1 0  |4 0  |6 894_812309000000000_BEN_N  |7 0  |9 328332  |a DKS  |b DKS  |c GEN  |d 2020-10-30  |l 0  |o 894.812309 BEN/N  |p DKS12409  |r 2020-10-30  |w 2020-10-30  |y BK